Statistics for Irish Geography by Letter - A

Click here to take the quiz!

General Stats

  • This quiz has been taken 40 times
  • The average score is 5 of 10

Answer Stats

HintAnswer% Correct
Ocean bordering to the westAtlantic
95%
County containing the city of BelfastAntrim
84%
Group of islands in Galway Bay - Inishmore, Inishmaan and InisheerAran Islands
65%
County Galway town subject of famous famine ballad - "The Fields of _______"Athenry
59%
Home stadium of the Irish rugby and football teamsAviva Stadium
57%
County Westmeath town situated on the River Shannon and near the geographical centre of IrelandAthlone
51%
Largest of the Irish islandsAchill
41%
Major Dublin theatre, also known as the National Theatre of IrelandAbbey Theatre
35%
Residence of the President of Ireland, located in Phoenix ParkÁras an Uachtaráin
35%
One of three main lakes on the River ShannonLough Allen
27%

Score Distribution

Percentile by Number Answered

Percent of People with Each Score

Your Score History

You have not taken this quiz